| 000 | 00473nam a2200145 a 4500 | ||
|---|---|---|---|
| 001 | 000025301 | ||
| 005 | 20200930023707.0 | ||
| 008 | 110214s2006 dr 000 0 spa d | ||
| 040 |
_aDO-SdBNP _bspa _cBNPHU |
||
| 245 | 0 | 0 | _aMomorias Internón Oxfam República Dominicana. |
| 246 | 1 | 4 |
_aForja de esperanza: _bMomorias de Intermón Oxfam República Dominicana |
| 260 |
_aSanto Domingo : _bIntermón Oxfam, _c2006. |
||
| 300 |
_a165 P. : _bil., retrs. ; _c23 cm. |
||
| 049 | _aBNPD | ||
| 999 |
_c24794 _d24794 |
||